000 00255nam a22000977a 4500
008 250424b |||||||| |||| 00| 0 eng d
020 _a9789362397225
100 _aOswaal
_97599
245 _aCBSE QUESTION BANK-10 (SCIENCE)
260 _aNew Delhi
_bOswaal books
999 _c12750
_d12750